[Event "CRC-ch qual (Women)"]
[Site "San Jose"]
[Date "2016.03.13"]
[Round "2.5"]
[White "Bogantes Robleto, Karina"]
[Black "Vargas Cruz, Ericka Daniela"]
[Result "1-0"]
[WhiteElo "1604"]
[BlackElo "1279"]
[PlyCount "171"]
[EventDate "2016.03.05"]
[EventType "swiss"]
[EventRounds "7"]
[EventCountry "CRI"]
[SourceTitle "EXT 2024"]
[Source "ChessBase"]
[SourceDate "2023.10.10"]
[SourceVersion "1"]
[SourceVersionDate "2023.10.10"]
[SourceQuality "1"]

1. d4 d6 2. Bf4 Bf5 3. Nf3 Nd7 4. e3 Ngf6 5. Be2 e6 6. 0-0 Be7 7. c4 e5 8. dxe5 dxe5 9. Bg3 Ne4 10. Nbd2 Nxg3 11. hxg3 Nc5 12. b4 Nd3 13. Qa4+ c6 14. b5 Nc5 15. Qa5 b6 16. Qc3 cxb5 17. cxb5 f6 18. a4 Nb7 19. Qc6+ Qd7 20. Rfc1 Bc5 21. Qxd7+ Bxd7 22. Ne4 Rc8 23. Bc4 Ke7 24. Bd5 Na5 25. Nxc5 Rxc5 26. Rxc5 bxc5 27. Nd2 Rc8 28. Nc4 Nxc4 29. Bxc4 Be6 30. Rc1 Bxc4 31. Rxc4 Kd6 32. e4 a6 33. bxa6 Ra8 34. Kf1 Rxa6 35. Ke2 Ra5 36. Kd3 h5 37. Kc3 Ke6 38. Kd3 g6 39. Kc3 f5 40. f3 f4 41. gxf4 exf4 42. Kb3 Ke5 43. Ka3 Ke6 44. Rc1 Ke5 45. Rd1 c4 46. Kb4 Ra7 47. Rd5+ Ke6 48. Rc5 Rb7+ 49. Kxc4 Rb2 50. Rc6+ Kf7 51. a5 Rxg2 52. a6 Ra2 53. Kd4 h4 54. Ke5 h3 55. Kxf4 h2 56. Rc1 Rxa6 57. Rh1 Ra2 58. Kg3 Kf6 59. Rxh2 Rxh2 60. Kxh2 Ke5 61. Kg3 g5 62. Kg4 Kf6 63. Kh5 g4 64. Kxg4 Ke5 65. Kg5 Ke6 66. f4 Kf7 67. Kf5 Ke7 68. Kg6 Ke6 69. Kg7 Kd6 70. f5 Ke5 71. f6 Kxe4 72. f7 Kd5 73. f8Q Ke4 74. Qf6 Kd5 75. Qe7 Kd4 76. Qe6 Kd3 77. Qe5 Kc4 78. Qd6 Kc3 79. Qd5 Kc2 80. Qd4 Kb3 81. Qc5 Kb2 82. Qc4 Kb1 83. Qc3 Ka2 84. Qb4 Ka1 85. Kf6 Ka2 86. Ke5 1-0